000 01436cam a22003614a 4500
003 SISC
005 20160219103637.0
008 031224s2005 nyua b 001 0 eng
010 _a 2003028002
020 _a1404229280 (lib. bdg.)
020 _a7981404229280
040 _aDLC
_cDLC
_dDLC
042 _apcc
_alcac
050 0 0 _aQC 92.5
_b.Od36 2005
082 0 0 _aHS 551.41
_bOd5 2005
100 1 _aO'Donnell, Kerri,
_d1972-
_911757
245 1 0 _aNatural wonders of the world :
_bconverting distance measurements to metric units /
_cKerri O'Donnell.
260 _aNew York :
_bRosen Pub.,
_c2005.
300 _a32 p. :
_bcol. ill. ;
_c23 cm.
500 _aIncludes index.
505 0 _aSo many wonders -- The Grand Canyon -- Mount Everest and K2 -- The Matterhorn -- Mighty waterfalls -- The wonders of Australia -- The volcano of Paricutin -- Meteor!
650 0 _aMetric system
_vJuvenile literature.
_911758
650 0 _aNatural monuments
_vJuvenile literature.
_911759
650 1 _aMetric system.
_911760
650 1 _aNatural monuments.
_911761
650 1 _aMeasurement.
_911762
856 4 1 _3Table of contents
_uhttp://www.loc.gov/catdir/toc/ecip0414/2003028002.html
906 _a7
_bcbc
_corignew
_d1
_eecip
_f20
_gy-gencatlg
942 _2lcc
_cBK
999 _c8903
_d8903